Central banking and economic development / (Record no. 36318)
[ view plain ]
| 000 -LEADER | |
|---|---|
| fixed length control field | 00989nam a22002652a 4500 |
| 001 - CONTROL NUMBER | |
| control field | 36318 |
| 003 - CONTROL NUMBER IDENTIFIER | |
| rucl marc code | BD-RjUL |
| 005 - DATE AND TIME OF LATEST TRANSACTION | |
| control field | 20211209052453.0 |
| 008 - FIXED-LENGTH DATA ELEMENTS--GENERAL INFORMATION | |
| fixed length control field | 190408s1962 ii 000 0 eng d |
| 035 ## - SYSTEM CONTROL NUMBER | |
| System control number | (BD-RjUL)36415 |
| 040 ## - CATALOGING SOURCE | |
| Original cataloging agency | DLC |
| Transcribing agency | HDC |
| Modifying agency | EQO |
| Language of cataloging | eng |
| 041 ## - LANGUAGE CODE | |
| Language code of text/sound track or separate title | eng |
| 082 ## - DEWEY DECIMAL CLASSIFICATION NUMBER | |
| Edition number | 23 |
| Classification number | 332.11 |
| Author mark and year | CHC 1962 |
| 100 1# - MAIN ENTRY--PERSONAL NAME | |
| Personal name | Chandler, Lester Vernon, |
| Dates associated with a name | 1905- |
| 9 (RLIN) | 230194 |
| 245 10 - TITLE STATEMENT | |
| Title | Central banking and economic development / |
| Statement of responsibility, etc. | Lester V. Chandler |
| 260 ## - PUBLICATION, DISTRIBUTION, ETC. (IMPRINT) | |
| Place of publication, distribution, etc. | Bombay: |
| Date of publication, distribution, etc. | 1962 |
| Name of publisher, distributor, etc. | University of Bombay, |
| 300 ## - PHYSICAL DESCRIPTION | |
| Pagination | ii, 54 p. ; |
| Size | 23 cm |
| 490 1# - SERIES STATEMENT | |
| Series statement | University of Bombay. Series in monetary and international Economics ; |
| Volume/sequential designation | No. 3 |
| 500 ## - GENERAL NOTE | |
| General note | "Public lectures delivered at the University of Bombay in late February and early March 1962" |
| 650 #0 - SUBJECT ADDED ENTRY--TOPICAL TERM | |
| Topical term or geographic name as entry element | Economic development |
| 9 (RLIN) | 230195 |
| Topical term or geographic name as entry element | Monetary policy |
| 9 (RLIN) | 230196 |
| Topical term or geographic name as entry element | Banks and banking, Central |
| 9 (RLIN) | 230197 |
| 830 #0 - SERIES ADDED ENTRY--UNIFORM TITLE | |
| Uniform title | University of Bombay. Series in monetary and international Economics ; |
| Volume number/sequential designation | no. 3. |
| 942 ## - ADDED ENTRY ELEMENTS (KOHA) | |
| Source of classification or shelving scheme | Dewey Decimal Classification |
| Koha item type | Rare Books |
| Lost status | Source of classification or shelving scheme | Damaged status | Not for loan | Collection code | Permanent Location | Current Location | Shelving location | Date acquired | Source of acquisition | Cost, normal purchase price | Total Checkouts | Full call number | Date last seen | Copy number | Koha item type |
|---|---|---|---|---|---|---|---|---|---|---|---|---|---|---|---|
| Dewey Decimal Classification | Not For Loan | Rare Books | Central Library, University of Rajshahi | Central Library, University of Rajshahi | Rare Book Section | 11/07/1964 | zeitlinger | 12.00 | RA 332.11 CHC 1962 | 08/04/2019 | C-1 | Rare Books |